01967nam a22003974a 4500001001200000003000800012006001900020007001500039008004100054010001700095015001900112016001800131020002200149020002200171020001800193020001800211040002100229035002100250050002300271082001200294100002100306245011300327260004600440300002500486504006800511505053200579533015201111650002301263650002801286650003201314650003201346655002901378710001701407856012601424999001901550ebr10377920CaPaEBRm u cr cn|||||||||061023s2006 enka sb 001 0 eng d z 2006284912 aGBA5469692bnb7 z0132111132Uk z1845110099 (hbk.) z1845110102 (pbk.) z9781845110093 z9781845110109 aCaPaEBRcCaPaEBR a(OCoLC)64790806414aBT77b.K279 2006eb04a2302221 aKennedy, Philip.12aA modern introduction to theologyh[electronic resource] :bnew questions for old beliefs /cPhilip Kennedy. aLondon ;aNew York :bI.B. Tauris,c2006. axiii, 290 p. :bill. aIncludes bibliographical references (p. [261]-[283]) and index.0 aTheology ancient and modern -- Christianity's current predicament -- The rise of modernity -- The Enlightenment -- Secularity and suspicion -- Can the Bible be trusted? Modern biblical studies -- The identity of Jesus -- Hermeneutics: are Christian teachings unambiguous? -- Life in the gutter: half-lives and have-nots -- No girls allowed: Christianity and feminist theology -- God, quarks and quasars: modern science and Christian thought -- Modern encounters between major religions -- Conclusion: Theology's paramount task. aElectronic reproduction.bPalo Alto, Calif. :cebrary,d2013.nAvailable via World Wide Web.nAccess may be limited to ebrary affiliated libraries. 0aTheologyxHistory. 0aPhilosophical theology. 0aIntellectual lifexHistory. 0aReligious thoughtxHistory. 7aElectronic books.2local2 aebrary, Inc.40uhttp://site.ebrary.com/lib/rucke/Doc?id=10377920zAn electronic book accessible through the World Wide Web; click to view c193889d193889